000 01070nam2a22002651 4500
001 RU\NLR\INFOCOMM16\1000047905
005 20250617045738.0
035 _a(NLR Aleph) 002464525
090 _a2282427
_c2282427
100 _a20040325d1904 |||y0rusy50 ca
101 0 _arus
102 _aRU
105 _ay |||||||||
200 0 _aТ.97, сент.
210 _d1904
_aБ. м.
320 _aуказ.
421 0 _12001#$aИфигения$eДрама$fБуренин В.
_1700#1$aБуренин$bВ.
_1210##$aСпб.$d1904
_1309##$a(Припл.)
_tИфигения
_aБуренин, В.
461 0 _1001RU\NLR\INFOCOMM16\1000047602
_12001#$aИсторический вестник$eИсторико-лит. журнал$vТ.97, сент.
_92318366
_cСПб.
_d1880-1917
_nизд. ред. С.Н. Шубинский
_oИсторико-лит. журнал
_tИсторический вестник
_vТ.97, сент.
801 1 _aRU
_bInfoComm
_c20040325
801 0 _aRU
_bNLR
_gPSBO
852 _aNLR
_j1/205
942 _cISSUE
980 _aNB
980 _aRUSPER